00450nmm a2200157Ia 4500008004100000020001800041041000800059100002300067245001500090264006500105300001800170650002900188856005100217942000700268999001700275251105s9999||||xx |||||||||||||||||und|| a9781558852303 aeng aParedes, Américo 4aThe shadow a[Washington, Estados Unidos] :bArte Público Press, c2017 a128 páginas aNorth American narrative uhttps://public.digitaliapublishing.com/a/47277 cCF c74681d74681